00372 a2200109 4500001001000000005001700010008004100027245009900068100002200167773005600189999001700245ART_4988720260410161729.0260409a 10aDerechos fundamentales para los demás animales. Especismo, igualdad y justicia interespecies1 aPezzetta, Silvina0 tLecciones y ensayosg- Nº 100 (jun. 2018)wREV2658 c17676d17676